00548nam a22001457a 4500999001500000008004100015020001800056100002400074245011500098260004000213300003300253650001000286942001500296952009100311 c6998d6998200414b ||||| |||| 00| 0 eng d a9987-449-08-5 aFJELDSTAD,Odd-Helge aTo pay or Not to pay citizens views on Taxation by local Authorities in TanzaniacOdd-Helge FreldstadhEnglish aDar Es SalaambMkuki na Nyotac2006 axi, 36p.bIllustrationc18cm 2Repoa 2ddccBOOKS 00102ddc4070a3000b3000d2020-04-14l0p10000002773r2020-04-14w2020-04-14yBOOKS